000 00473nam a2200193Ia 4500
008 151119s9999||||xx |||||||||||||| ||und||
082 _a928.9146
082 _bGKKV4061
100 _aतीबले अनंत
245 _aबेबंध
260 _a--
260 _b--
260 _c1985
600 _aतीबले अनंत
630 _aबेबंध
700 _aतीबले अनंत
730 _aबेबंध
942 _cBOOK
999 _c1059478
_d1059475